| 000 | 00753nam a2200229 a 4500 | ||
|---|---|---|---|
| 005 | 20240924071627.0 | ||
| 008 | 181011s2017 mx r 000 0 spa d | ||
| 020 | _a9786074132687 | ||
| 035 | _aUPN01000227168 | ||
| 049 | _aCG | ||
| 050 | 4 |
_aLB1719 M6 _bP7.6 |
|
| 245 | 0 | 0 |
_aProblemas y retos de la formación docente / _ccoord. Claudia Alaníz Hernández. |
| 260 |
_aMéxico : _bUPN, _c2017. |
||
| 300 |
_a257 p. : _bcuadros |
||
| 440 | 0 | _aHorizontes educativos | |
| 590 | _aTambién localizas un ejemplar en el "Area de Reserva" | ||
| 650 | 4 |
_aMaestros _xFormación profesional _zMéxico _9796 |
|
| 650 | 4 |
_aMaestros _xFormación profesional _9804 |
|
| 700 | 1 |
_aAlaniz Hernández, Claudia _ecoord. _934558 |
|
| 905 | _aLibro | ||
| 999 |
_c199264 _d199264 |
||